000 00987nam a2200217Ia 4500
003 Ost
005 20260507075327.0
008 260507s9999||||xx |||||||||||||| ||und||
020 _a9789957123826
040 _cfsecg
041 _aara
082 _a330
100 _aباشوية، لحسن عبد الله
_eمؤلف
245 0 _aمدخل إلى الرياضيات المالية و تطبيقاتها /
_c لحسن عبد الله باشوية
260 _aعمان:
_bدار اليازوري,
_c2011
300 _a311 صفحة؛
_bإيضاحات ؛
_c25 سم
520 _aالمنطق الرياضي و أنواع الافتراضات ، المجموعات و العلاقات و التطبيقات ، المتتاليات ، الرياضيات المالية و الفائدة البسيطة ، الفائدة المركبة ، البرمجة الخطية
653 _aالرياضيات
653 _aالرياضيات- المالية العامة
942 _cكتاب
999 _c43976
_d43976